| 000 | 00771nam a22002297a 4500 | ||
|---|---|---|---|
| 008 | 170621s2015 cr||||| |||| 00| 0 eng d | ||
| 082 | 0 | 4 |
_a706 _bP438t |
| 100 | 1 |
_aPérez-Ratton, Virginia. _9580 |
|
| 245 | 1 | 0 |
_aTowards a doubtful strait / _cVirginia Pérez-Ratton ; entrevista por TEOR/éTica. |
| 250 | _a1a ed. | ||
| 260 |
_aSan José, Costa Rica : _bSecond Culture Press, _c2015. |
||
| 300 |
_a60 páginas : _bilustraciones. |
||
| 440 | 0 |
_aBurn down after reading _95827 |
|
| 653 | 1 | 0 | _aArte contemporáneo |
| 653 | 1 | 0 | _aArte Latinoamericano |
| 653 | 1 | 0 | _aArte - Costa Rica |
| 653 | 1 | 0 | _aPrácticas artísticas contemporáneas |
| 653 | 1 | 0 | _aEnsayos |
| 653 | 1 | 0 | _aArte - Investigación |
| 653 | 1 | 0 | _aArte - Crítica y apreciación |
| 710 | 1 |
_aTEOR/éTica. _95471 |
|
| 999 |
_c1205 _d1205 |
||